000 00199 a2200097 4500
001 1450
100 _aBadger, W.L
245 _aChemical engineering
260 _a
_bMcgrawhill
_c
090 _c993
_d993
942 _aNUST-CAE
_cM
_c36855
999 _c236523
_d236523